000 00577nam a22002057a 4500
005 20211204124545.0
008 211204b ||||| |||| 00| 0 eng d
040 _cAL
082 _223
_a324.60
_bSINM
100 _aH Bhuban Singh
_911209
245 _aMerger of Manipur
260 _aManipur
_bPritam Haobam
_c1988
300 _aviii,334 p,vii
_bHB
_c22x14 cm.
365 _b200.00
_c
_d200.00
650 _aPolitical Process
_911210
650 _aPolitical Science
_911211
650 _aBritish Influence
_911212
700 _aSINGH (H Bhuban)
_911213
942 _2ddc
_cGF
999 _c220875
_d220875